| 000 | 00576nam a2200229Ia 4500 | ||
|---|---|---|---|
| 003 | OSt | ||
| 005 | 20220924114751.0 | ||
| 006 | a|||||r|||| 00| 0 | ||
| 007 | ta | ||
| 008 | 220923b |||||||| |||| 00| 0 ara d | ||
| 024 | _a338850 | ||
| 037 | _cTextual | ||
| 040 |
_aARTS _cARTS _bara |
||
| 041 |
_2ara _aara |
||
| 082 | _aO28,6x(R4), L8 | ||
| 245 | 0 | _aAl-hikam wal-amsal | |
| 260 |
_aCairo _bDar-al-ma'arif Egypt _c1998 |
||
| 300 |
_a89p. _ccm. |
||
| 650 | _aARABIC PROSE | ||
| 942 |
_hO28,6x(R4), L8 _cTEXL _2CC |
||
| 999 |
_c395180 _d395180 |
||